Argue now, pay later (Record no. 112949)
[ view plain ]
| 000 -LEADER | |
|---|---|
| fixed length control field | 01321cad a22002175a 4500 |
| 001 - CONTROL NUMBER | |
| control field | L154356 |
| 008 - FIXED-LENGTH DATA ELEMENTS--GENERAL INFORMATION | |
| fixed length control field | 111117s2011 xxk f 000 0 eng d |
| 035 ## - SYSTEM CONTROL NUMBER | |
| System control number | (Sirsi) u154356 |
| 041 0# - LANGUAGE CODE | |
| Language code of text/sound track or separate title | eng |
| 110 2# - MAIN ENTRY--CORPORATE NAME | |
| Corporate name or jurisdiction name as entry element | CMS Cameron McKenna |
| 9 (RLIN) | 5874 |
| 245 00 - TITLE STATEMENT | |
| Title | Argue now, pay later |
| Remainder of title | an adjudicator's right to payment |
| Medium | [electronic resource] |
| 260 ## - PUBLICATION, DISTRIBUTION, ETC. | |
| Place of publication, distribution, etc. | London |
| Name of publisher, distributor, etc. | CMS Cameron McKenna LLP |
| Date of publication, distribution, etc. | 2011 |
| 490 #0 - SERIES STATEMENT | |
| Series statement | Law-Now Article |
| 520 ## - SUMMARY, ETC. | |
| Summary, etc. | If an adjudicator renders a decision which is unenforceable because he has made a critical mistake, is the adjudicator entitled to be paid his fees and expenses? If the adjudicator has already been paid, can the parties (or a party) claim back those fees and expenses? A recent decision of the TCC suggests that adjudicators are entitled to payment even if they have made serious errors which invalidate their decisions. Adjudication. |
| 590 ## - LOCAL NOTE (RLIN) | |
| Local note | KA NTK |
| 651 #4 - SUBJECT ADDED ENTRY--GEOGRAPHIC NAME | |
| Geographic name | England and Wales |
| Chronological subdivision | 1543- |
| 690 ## - LOCAL SUBJECT ADDED ENTRY--TOPICAL TERM (OCLC, RLIN) | |
| Topical term or geographic name as entry element | BUILT ENVIRONMENT-CONSTRUCTION MANAGEMENT-BUILDING CONTRACT ADMINISTRATION |
| 690 ## - LOCAL SUBJECT ADDED ENTRY--TOPICAL TERM (OCLC, RLIN) | |
| Topical term or geographic name as entry element | MANAGEMENT-DISPUTE AVOIDANCE, MANAGEMENT AND RESOLUTION-DISPUTE MANAGEMENT AND RESOLUTION |
| 856 40 - ELECTRONIC LOCATION AND ACCESS | |
| Uniform Resource Identifier | <a href="https://www.law-now.com/DirectMail/%7B9AF87A44-A9FF-436B-AA54-EB4B50D90228%7D_ConstructionJudgementOct2011.htm">https://www.law-now.com/DirectMail/%7B9AF87A44-A9FF-436B-AA54-EB4B50D90228%7D_ConstructionJudgementOct2011.htm</a> |
| Public note | View this item via free registration at www.law-now.com |
| 942 ## - ADDED ENTRY ELEMENTS (KOHA) | |
| Suppress in OPAC | 0 |
| Withdrawn status | Lost status | Source of classification or shelving scheme | Damaged status | Not for loan | Home library | Current library | Shelving location | Date acquired | Total Checkouts | Full call number | Barcode | Date last seen | Copy number | Price effective from | Koha item type |
|---|---|---|---|---|---|---|---|---|---|---|---|---|---|---|---|
| Dewey Decimal Classification | Virtual | Virtual | Online | 17/11/2011 | ONLINE PUBLICATION | 154356-2001 | 06/08/2019 | 1 | 06/08/2019 | Book |